000 00945nam0a22002651 4500
001 rc\351566
005 20250621041004.0
010 _a5-06-000480-5
_920000
035 _a(NLR Aleph) 005566032
090 _a5961905
_c5961905
100 _a20030307d1989 |||y0rusy50 ca
101 0 _arus
102 _aRU
105 _aa |||||||||
200 1 _aМашины и механизмы для отделочных работ
_e[Учеб. пособие для строит. спец. вузов]
_fПод общ. ред. С.С. Добронравова
210 _aМ.
_cВысш. школа
_d1989
215 _a269, [3] с.
_cил.
_d21
320 _aБиблиогр.: с. 271
700 1 _aДобронравов
_bС.С.
_gСергей Сергеевич
701 1 _aПарфенов
_bЕ.П.
_gЕвгений Павлович
801 0 _aRU
_bNLR
_gpsbo
801 1 _aRU
_bELAR
_2rusmarc
852 _aNLR
_j89-5/772
942 _cBOOK
980 _aNB